[Event "4NCL/Div3/NOTT1 vs. MIN"]
[Site "Hinckley Island ENG"]
[Date "2009.03.21"]
[Round "7.5"]
[White "Truman, Richard G"]
[Black "Barr, Gabriel"]
[Result "1/2-1/2"]
[WhiteElo "2028"]
[BlackElo "1820"]
[PlyCount "54"]
[EventDate "2009.03.21"]
[SourceDate "2008.10.04"]

1. d4 f5 2. Bg5 h6 3. Bh4 g5 4. Bg3 Nf6 5. e3 d6 6. h4 g4 7. Bc4 d5 8. Bd3 Nc6
9. c3 e6 10. Ne2 Nh5 11. Qc2 Bd6 12. Bxd6 cxd6 13. Nd2 a6 14. f3 Rg8 15. O-O-O
b5 16. e4 dxe4 17. fxe4 Qf6 18. exf5 exf5 19. Rdf1 Ne7 20. Nf4 Ng3 21. Re1 Nxh1
22. Nd5 Qxh4 23. Rxe7+ Qxe7 24. Nxe7 Kxe7 25. Bxf5 Ng3 26. Bh7 Rf8 27. Qd3 Bf5
1/2-1/2

[Event "4NCL/Div3/NOTT1 vs. MIN"]
[Site "Hinckley Island ENG"]
[Date "2009.03.21"]
[Round "7.6"]
[White "Chadwick, Susan E"]
[Black "Kingston, Ian"]
[Result "0-1"]
[WhiteElo "1640"]
[BlackElo "2023"]
[PlyCount "58"]
[EventDate "2009.03.21"]
[SourceDate "2008.10.04"]

1. d4 d5 2. Nf3 Nf6 3. e3 Bf5 4. Nbd2 e6 5. c4 c5 6. cxd5 exd5 7. Be2 Nc6 8.
dxc5 Bxc5 9. a3 O-O 10. b4 Bb6 11. Bb2 d4 12. exd4 Nxd4 13. Nxd4 Bxd4 14. Bxd4
Qxd4 15. O-O Rfd8 16. Nf3 Qb2 17. Qe1 Re8 18. Nd2 Rad8 19. Rd1 Bd3 20. Nc4 Qxe2
21. Qxe2 Bxe2 22. Rxd8 Rxd8 23. Rc1 Bxc4 24. f3 b5 25. a4 a6 26. axb5 axb5 27.
Ra1 g6 28. Kf2 Rd2+ 29. Kg1 Rb2 0-1

[Event "4NCL/Div3/ICENI vs. LIT2"]
[Site "Hinckley Island ENG"]
[Date "2009.03.21"]
[Round "7.1"]
[White "Reynolds, D Ian"]
[Black "Bingham, James T"]
[Result "0-1"]
[WhiteElo "2108"]
[BlackElo "1945"]
[PlyCount "90"]
[EventDate "2009.03.21"]
[SourceDate "2008.10.04"]

1. e4 c5 2. Nf3 d6 3. d4 cxd4 4. Nxd4 Nf6 5. Nc3 a6 6. Bc4 e6 7. Bb3 Nbd7 8.
Qe2 Be7 9. Bxe6 fxe6 10. Nxe6 Qa5 11. Nxg7+ Kf7 12. Nf5 Ne5 13. f4 Bxf5 14.
exf5 Nc6 15. g4 Rae8 16. Be3 Nd5 17. O-O-O Nxc3 18. Qc4+ d5 19. Qxc3 Qxa2 20.
Qb3 Qxb3 21. cxb3 Bf6 22. Bb6 Rc8 23. Kb1 Bd8 24. Bf2 Ne7 25. f6 Nc6 26. g5 Bc7
27. f5 Rcd8 28. Bd4 Nxd4 29. Rxd4 Be5 30. Rd3 Rhe8 31. h4 Bf4 32. Rf1 Re4 33.
Rfd1 d4 34. b4 Be3 35. Ka2 Rc8 36. Rh1 Rf4 37. b5 axb5 38. Kb3 Rc4 39. Rdd1
Rxf5 40. Rh3 Rc7 41. Ra1 Kg6 42. Ra8 Kh5 43. Rg8 Rd5 44. Rf3 Rdd7 45. Re8 Kxh4
0-1

[Event "4NCL/Div3/ICENI vs. LIT2"]
[Site "Hinckley Island ENG"]
[Date "2009.03.21"]
[Round "7.2"]
[White "Deacon, Paul"]
[Black "Ruthen, Steven"]
[Result "0-1"]
[WhiteElo "1930"]
[BlackElo "2050"]
[PlyCount "54"]
[EventDate "2009.03.21"]
[SourceDate "2008.10.04"]

1. e4 e5 2. Nf3 Nc6 3. d4 exd4 4. Nxd4 Nf6 5. Nxc6 bxc6 6. Bd3 d5 7. e5 Ng4 8.
O-O Be7 9. Bf4 g5 10. Bg3 h5 11. Be2 Bc5 12. b4 Bb6 13. Kh1 Qe7 14. Bxg4 Bxg4
15. f3 Be6 16. c3 Be3 17. Bf2 Bxf2 18. Rxf2 f5 19. exf6 Qxf6 20. Qa4 Bf5 21.
Nd2 O-O 22. Rc1 Rfe8 23. Nb3 Qxc3 24. Rff1 Qb2 25. Qxc6 Rad8 26. Qh6 Rd6 27.
Rxc7 Rxh6 0-1

[Event "4NCL/Div3/ICENI vs. LIT2"]
[Site "Hinckley Island ENG"]
[Date "2009.03.21"]
[Round "7.3"]
[White "Feavyour, John"]
[Black "Watkinson, Phil K"]
[Result "1-0"]
[WhiteElo "2073"]
[BlackElo "1950"]
[PlyCount "77"]
[EventDate "2009.03.21"]
[SourceDate "2008.10.04"]

1. d4 d5 2. c4 e6 3. Nc3 Nf6 4. Bg5 Be7 5. e3 h6 6. Bf4 O-O 7. Nf3 b6 8. Rc1 c5
9. cxd5 Nxd5 10. Bg3 cxd4 11. Nxd5 exd5 12. Qxd4 Bc5 13. Qd2 Nc6 14. a3 d4 15.
e4 Qe7 16. Bd3 Bb7 17. O-O Na5 18. Rxc5 bxc5 19. Qxa5 Rfc8 20. Nd2 Rc6 21. Nc4
Re8 22. Qd2 Ba6 23. f3 Qe6 24. Rc1 Rcc8 25. Nd6 Bxd3 26. Qxd3 c4 27. Qxd4 Red8
28. e5 Rc7 29. Qe4 Rb8 30. Rc2 Rd8 31. h3 Rb8 32. f4 Rb3 33. f5 Qd7 34. e6 fxe6
35. fxe6 Qe7 36. Nf5 Qc5+ 37. Kh2 Rc8 38. Bd6 Qb6 39. Ne7+ 1-0

[Event "4NCL/Div3/ICENI vs. LIT2"]
[Site "Hinckley Island ENG"]
[Date "2009.03.21"]
[Round "7.4"]
[White "Booley, Graham"]
[Black "Donaghay, Richard"]
[Result "1-0"]
[WhiteElo "1885"]
[BlackElo "1969"]
[PlyCount "131"]
[EventDate "2009.03.21"]
[SourceDate "2008.10.04"]

1. e4 d5 2. exd5 Nf6 3. d4 Bg4 4. Nf3 Qxd5 5. Be2 Nc6 6. c4 Qf5 7. Be3 e6 8. a3
Be7 9. O-O Rd8 10. h3 Bh5 11. b4 a6 12. Nbd2 O-O 13. Qb3 Bxf3 14. Nxf3 e5 15.
d5 Nb8 16. Nh4 Qd7 17. Bg5 Nxd5 18. Bg4 Qe8 19. Bxe7 Nxe7 20. Rfe1 Nbc6 21. Qg3
f5 22. Bd1 Ng6 23. Bh5 Rd6 24. b5 axb5 25. cxb5 f4 26. Qb3+ Qe6 27. Qxe6+ Rxe6
28. Bxg6 Nd4 29. Bd3 Rh6 30. Rxe5 Rxh4 31. Bc4+ Kh8 32. Rae1 f3 33. Re8 Rhf4
34. Rxf8+ Rxf8 35. Re7 Rc8 36. g4 Ne2+ 37. Bxe2 fxe2 38. Rxe2 Kg8 39. a4 Kf8
40. f4 c6 41. bxc6 Rxc6 42. Re4 Rb6 43. Kg2 Rb3 44. g5 b5 45. axb5 Rxb5 46. Kg3
Kf7 47. Kg4 Rb1 48. Ra4 Rg1+ 49. Kh5 Rh1 50. Ra7+ Kf8 51. Kg4 Rg1+ 52. Kf5 Rh1
53. Kg4 Rg1+ 54. Kh5 Rf1 55. Ra4 Rh1 56. Kg4 Rg1+ 57. Kf3 Rb1 58. f5 Rf1+ 59.
Kg4 Rg1+ 60. Kh5 Rf1 61. Ra5 Kf7 62. g6+ hxg6+ 63. fxg6+ Kf6 64. Ra6+ Kf5 65.
Ra7 Kf6 66. Rf7+ 1-0

[Event "4NCL/Div3/ICENI vs. LIT2"]
[Site "Hinckley Island ENG"]
[Date "2009.03.21"]
[Round "7.5"]
[White "Szymanski, Mark"]
[Black "Turvey, Steven"]
[Result "1-0"]
[WhiteElo "1985"]
[BlackElo "1915"]
[PlyCount "85"]
[EventDate "2009.03.21"]
[SourceDate "2008.10.04"]

1. d4 d5 2. Nf3 Nf6 3. e3 e6 4. Bd3 c5 5. b3 a6 6. Bb2 Nc6 7. O-O Bd6 8. Nbd2
cxd4 9. exd4 O-O 10. Re1 Re8 11. Ne5 Qc7 12. a3 Re7 13. f4 Nd7 14. Re3 g6 15.
g3 Nf8 16. c4 b6 17. Rc1 Bxe5 18. fxe5 Bb7 19. Nf3 dxc4 20. bxc4 Qd7 21. Be4
Na7 22. d5 Rc8 23. Qd4 Qd8 24. Bc2 Ba8 25. h4 Rec7 26. Bb3 Nd7 27. Ng5 Nc5 28.
Ba2 h6 29. Nf3 b5 30. d6 Rc6 31. Qf4 Kg7 32. Nd4 Rb6 33. Rf1 Rb7 34. Bc1 h5 35.
Ref3 Qf8 36. Qf6+ Kg8 37. Bg5 Ne4 38. Qf4 Nxg5 39. Qxg5 Qg7 40. Rf6 Re8 41. c5
Rd7 42. Nxe6 Qh7 43. Nc7 1-0

[Event "4NCL/Div3/ICENI vs. LIT2"]
[Site "Hinckley Island ENG"]
[Date "2009.03.21"]
[Round "7.6"]
[White "van der Westhuizen, Charles"]
[Black "Downham, Alan"]
[Result "1-0"]
[WhiteElo "1824"]
[BlackElo "1995"]
[PlyCount "111"]
[EventDate "2009.03.21"]
[SourceDate "2008.10.04"]

1. d4 d5 2. c4 c6 3. Nf3 Nf6 4. e3 Bf5 5. Bd3 dxc4 6. Bxf5 Qa5+ 7. Nbd2 Qxf5 8.
Nxc4 Nbd7 9. O-O e6 10. Qb3 Qb5 11. Qc2 Be7 12. a4 Qf5 13. Qxf5 exf5 14. Nfe5
O-O 15. Nxd7 Nxd7 16. b3 Nf6 17. Ba3 Bxa3 18. Rxa3 Rad8 19. g3 Rfe8 20. b4 Rd5
21. Rc1 g5 22. Kg2 Ne4 23. f3 Nd6 24. Nxd6 Rxd6 25. Rc5 Rf6 26. Rac3 h6 27. Kf2
Kg7 28. b5 cxb5 29. Rxb5 Re7 30. a5 Kg6 31. Rcb3 Rfe6 32. Rxb7 Rxe3 33. Rxe7
Rxb3 34. Rxa7 Kf6 35. Ra6+ Kg7 36. d5 f4 37. gxf4 gxf4 38. d6 Kf6 39. Rc6 Ke6
40. a6 Kd7 41. Rc7+ Kxd6 42. Rxf7 Rb2+ 43. Kg1 Ke5 44. Rf8 Ra2 45. Ra8 Kd6 46.
a7 Kc7 47. Rg8 Rxa7 48. Rg7+ Kb6 49. Rxa7 Kxa7 50. Kg2 Kb6 51. Kh3 Kc5 52. Kg4
Kd6 53. Kxf4 Ke6 54. Kg4 Kf6 55. Kh5 Kf5 56. Kxh6 1-0

[Event "4NCL/Div3/OXF2 vs. LIT3"]
[Site "Hinckley Island ENG"]
[Date "2009.03.21"]
[Round "7.1"]
[White "Dickinson, Timothy R"]
[Black "Farrall, David J"]
[Result "1-0"]
[WhiteElo "2160"]
[BlackElo "1915"]
[PlyCount "45"]
[EventDate "2009.03.21"]
[SourceDate "2008.10.04"]

1. e4 c5 2. Na3 Nc6 3. Bb5 g6 4. c3 Bg7 5. d3 a6 6. Bxc6 dxc6 7. Be3 b6 8. f4
Nh6 9. h3 e5 10. Nf3 exf4 11. Bxf4 f5 12. O-O O-O 13. e5 Kh8 14. Re1 Be6 15.
Ng5 Qe7 16. Nc4 Bxc4 17. dxc4 Rfd8 18. Qf3 Rac8 19. e6 Bf6 20. Qg3 Kg7 21. Qe3
Rd4 22. cxd4 Bxd4 23. Be5+ 1-0

[Event "4NCL/Div3/OXF2 vs. LIT3"]
[Site "Hinckley Island ENG"]
[Date "2009.03.21"]
[Round "7.2"]
[White "Jones, Michael"]
[Black "Starkie, Ray"]
[Result "0-1"]
[WhiteElo "1824"]
[BlackElo "2125"]
[PlyCount "78"]
[EventDate "2009.03.21"]
[SourceDate "2008.10.04"]

1. e4 c5 2. c3 d5 3. exd5 Qxd5 4. d4 g6 5. Nf3 Bg7 6. dxc5 Qxc5 7. Be3 Qc7 8.
Bb5+ Nc6 9. Nd4 Bd7 10. Nxc6 bxc6 11. Qf3 Nf6 12. O-O O-O 13. Bc4 Bf5 14. Nd2
Rfd8 15. h3 h5 16. Nb3 Be4 17. Qf4 Qxf4 18. Bxf4 Nd5 19. Bg3 Nb6 20. Ba6 Bd3
21. Bb7 Bxf1 22. Rxf1 Nc4 23. Bc7 Rd7 24. Bxc6 Rxc7 25. Bxa8 Nxb2 26. Rc1 Nd3
27. Rd1 Rxc3 28. Be4 Nb4 29. Rd7 Nxa2 30. Rxa7 Nc1 31. Nxc1 Rxc1+ 32. Kh2 Bd4
33. Rxe7 Bxf2 34. Bd5 h4 35. g4 Bg3+ 36. Kg2 Rc2+ 37. Kg1 Rf2 38. Re3 Rd2 39.
Bc6 Bf2+ 0-1

[Event "4NCL/Div3/OXF2 vs. LIT3"]
[Site "Hinckley Island ENG"]
[Date "2009.03.21"]
[Round "7.3"]
[White "Stembridge, Ed"]
[Black "Harrison, Peter K"]
[Result "1-0"]
[WhiteElo "2062"]
[BlackElo "1812"]
[PlyCount "46"]
[EventDate "2009.03.21"]
[SourceDate "2008.10.04"]

1. e4 e5 2. Bc4 Nf6 3. d3 Nc6 4. a4 Bc5 5. Nc3 d6 6. Bg5 Bb4 7. Nge2 Be6 8. O-O
h6 9. Bxf6 Qxf6 10. Nd5 Bxd5 11. exd5 Ne7 12. c3 Bc5 13. b4 O-O-O 14. bxc5 dxc5
15. Qb3 Qd6 16. Rfb1 b6 17. Ba6+ Kb8 18. c4 Nf5 19. a5 Qg6 20. axb6 cxb6 21.
Bb5 Nd6 22. Bc6 Nc8 23. Nc3 Qxd3 1-0

[Event "4NCL/Div3/OXF2 vs. LIT3"]
[Site "Hinckley Island ENG"]
[Date "2009.03.21"]
[Round "7.4"]
[White "Ricketts, David"]
[Black "Duggan, Chris"]
[Result "0-1"]
[WhiteElo "1835"]
[BlackElo "2044"]
[PlyCount "80"]
[EventDate "2009.03.21"]
[SourceDate "2008.10.04"]

1. e4 c5 2. f4 d5 3. Nc3 d4 4. Nce2 Nc6 5. d3 g6 6. Nf3 Bg4 7. Ng3 Bg7 8. Be2
e6 9. O-O Nge7 10. Qe1 O-O 11. h3 Bxf3 12. Bxf3 Re8 13. Bd2 Rc8 14. Rd1 Qb6 15.
Rb1 Nb4 16. Bxb4 cxb4 17. Qd2 Bh6 18. Ne2 Nc6 19. g3 Rc7 20. Kh2 Rec8 21. Qd1
a5 22. Nc1 Ne5 23. fxe5 Rxc2+ 24. Ne2 Rd2 25. Qe1 Qb5 26. Kh1 Qxe5 27. Rg1 Rxd3
28. Qf1 Rd2 29. Rg2 Rcc2 30. Rd1 Rxb2 31. Rxd2 Rxd2 32. Qa1 b5 33. Kg1 Qf6 34.
Bg4 Be3+ 35. Kh1 h5 36. Bxh5 gxh5 37. Nf4 Bxf4 38. gxf4+ Rxg2 39. Kxg2 h4 40.
Qc1 Qg6+ 0-1

[Event "4NCL/Div3/CELT2 vs. AMCAR"]
[Site "Hinckley Island ENG"]
[Date "2009.03.21"]
[Round "7.1"]
[White "Evans, Craig"]
[Black "Sparkes, Daniel A"]
[Result "1/2-1/2"]
[WhiteElo "2030"]
[BlackElo "2000"]
[PlyCount "64"]
[EventDate "2009.03.21"]
[SourceDate "2008.10.04"]

1. d4 Nf6 2. c4 e6 3. Nf3 Bb4+ 4. Bd2 Qe7 5. Bxb4 Qxb4+ 6. Qd2 Qxd2+ 7. Nbxd2
d5 8. e3 c6 9. g4 Nbd7 10. g5 Nh5 11. Rc1 Nb6 12. c5 Nd7 13. Bd3 O-O 14. Ke2
Re8 15. Ne5 Nxe5 16. dxe5 Bd7 17. Nf3 b5 18. Nd4 a5 19. h4 g6 20. Kd2 Rec8 21.
Be2 Ng7 22. h5 Nf5 23. Rh3 Nxd4 24. exd4 Kg7 25. Rch1 Rh8 26. Kc3 Rab8 27. Bd3
Ra8 28. a3 Rad8 29. Rh4 Rdf8 30. R1h3 Rd8 31. Rf3 Rhf8 32. Rfh3 Rh8 1/2-1/2

[Event "4NCL/Div3/CELT2 vs. AMCAR"]
[Site "Hinckley Island ENG"]
[Date "2009.03.21"]
[Round "7.2"]
[White "Tunstall, George"]
[Black "Fathallah, Joe"]
[Result "1/2-1/2"]
[WhiteElo "2014"]
[BlackElo "1962"]
[PlyCount "51"]
[EventDate "2009.03.21"]
[SourceDate "2008.10.04"]

1. d4 e6 2. c4 f5 3. g3 Nf6 4. Bg2 d5 5. Nh3 Be7 6. O-O O-O 7. Bf4 c6 8. Nd2 h6
9. Be5 g5 10. f4 Nfd7 11. e3 Nxe5 12. fxe5 Na6 13. Rc1 Nc7 14. c5 Qe8 15. Nf2
Qg6 16. Qf3 Bd7 17. Nb3 b6 18. Nd3 h5 19. Rf2 Qh6 20. Rfc2 Rfc8 21. a3 g4 22.
Qf2 Bg5 23. Re1 Ne8 24. Nf4 Bxf4 25. exf4 b5 26. Na5 1/2-1/2

[Event "4NCL/Div3/CELT2 vs. AMCAR"]
[Site "Hinckley Island ENG"]
[Date "2009.03.21"]
[Round "7.3"]
[White "O'Grady, Gary"]
[Black "Andreev, Peter"]
[Result "0-1"]
[WhiteElo "1926"]
[BlackElo "1861"]
[PlyCount "76"]
[EventDate "2009.03.21"]
[SourceDate "2008.10.04"]

1. e4 b6 2. d4 Bb7 3. Nc3 e6 4. Nf3 Ne7 5. Bd3 g6 6. O-O Bg7 7. Bf4 d6 8. Qd2
h6 9. a4 a6 10. b4 g5 11. Bg3 O-O 12. Ne2 f5 13. exf5 exf5 14. Nxg5 hxg5 15.
Qxg5 Nd5 16. Qh5 Qf6 17. Bc4 b5 18. Bb3 bxa4 19. Rxa4 Nd7 20. Nf4 N7b6 21. Ra5
c6 22. Ng6 Rfe8 23. Raa1 Qxd4 24. Qxf5 Qe4 25. Qg5 Bxa1 26. Ne5+ Kh8 27. Nf7+
Kh7 28. Qd2 Qd4 29. Qh6+ Kg8 30. Qg6+ Qg7 31. Nh6+ Kf8 32. Bxd6+ Ne7 33. Qf5+
Bf6 34. Ng8 Qg5 35. Qh7 Nbd5 36. Nxe7 Bxe7 37. Qh8+ Qg8 38. Qh6+ Qg7 0-1

[Event "4NCL/Div3/CELT2 vs. AMCAR"]
[Site "Hinckley Island ENG"]
[Date "2009.03.21"]
[Round "7.4"]
[White "Marley, Andrew"]
[Black "Larter, Nick"]
[Result "1-0"]
[WhiteElo "1805"]
[BlackElo "1807"]
[PlyCount "81"]
[EventDate "2009.03.21"]
[SourceDate "2008.10.04"]

1. d4 e6 2. c4 b6 3. Nc3 Bb7 4. e4 Bb4 5. Bd3 f5 6. f3 Qh4+ 7. g3 Qh5 8. Qe2
Nc6 9. Be3 fxe4 10. fxe4 Bxc3+ 11. bxc3 Qa5 12. Bd2 O-O-O 13. Nf3 h5 14. a4 Nf6
15. d5 Ne7 16. Nd4 b5 17. Nb3 Qa6 18. axb5 Qxa1+ 19. Nxa1 exd5 20. cxd5 Nexd5
21. Kd1 Rde8 22. Qf2 Ng4 23. Qd4 Ndf6 24. h3 Ne5 25. Bf4 Nxd3 26. Qxd3 g5 27.
Bd2 Bxe4 28. Qf1 Bxh1 29. Qxh1 Ne4 30. Kc2 Rhf8 31. Bxg5 Rf5 32. Bf4 Rxb5 33.
Nb3 Re6 34. Nd4 Nf2 35. Qf1 Ra5 36. Nxe6 dxe6 37. Be3 Ne4 38. Qf8+ Kd7 39. Qf7+
Kd8 40. Qg8+ Kd7 41. Qh7+ 1-0

[Event "4NCL/Div3/CELT2 vs. AMCAR"]
[Site "Hinckley Island ENG"]
[Date "2009.03.21"]
[Round "7.5"]
[White "Wagner, Guy"]
[Black "Periasamymanjula, Mani"]
[Result "1-0"]
[WhiteElo "1830"]
[BlackElo "1718"]
[PlyCount "97"]
[EventDate "2009.03.21"]
[SourceDate "2008.10.04"]

1. Nf3 d5 2. c4 d4 3. g3 c5 4. Bg2 g6 5. O-O Bg7 6. d3 e5 7. Na3 Nc6 8. Nc2
Nge7 9. e3 O-O 10. Rb1 Be6 11. a3 Qd7 12. exd4 exd4 13. b4 b6 14. Re1 Bh3 15.
Bxh3 Qxh3 16. b5 Nd8 17. Rxe7 Ne6 18. Ng5 Qf5 19. Qf3 Qxf3 20. Nxf3 Bf6 21. Rd7
Rfe8 22. Bd2 Ng7 23. Re1 Ne6 24. Kf1 Kg7 25. Ne5 Bxe5 26. Rxe5 a6 27. bxa6 Rxa6
28. Rb7 Rea8 29. Re1 Rd8 30. Rb1 Rd6 31. Bf4 Rc6 32. Bb8 Nf8 33. Ba7 Ne6 34.
Bxb6 Ng5 35. Bc7 Nf3 36. Bf4 Nxh2+ 37. Kg2 Ng4 38. Re1 h6 39. Ree7 Rf6 40. Be5
Nxe5 41. Rxe5 Rac6 42. Rb5 Rfe6 43. Rxe6 fxe6 44. Kf3 Kf6 45. Ke4 g5 46. g4 Kf7
47. Ke5 Kg7 48. a4 Kf7 49. a5 1-0

[Event "4NCL/Div3/CELT2 vs. AMCAR"]
[Site "Hinckley Island ENG"]
[Date "2009.03.21"]
[Round "7.6"]
[White "Ward, Matthew J"]
[Black "Buttell, David"]
[Result "1/2-1/2"]
[WhiteElo "1760"]
[BlackElo "1714"]
[PlyCount "62"]
[EventDate "2009.03.21"]
[SourceDate "2008.10.04"]

1. e4 c5 2. Nf3 d6 3. d4 cxd4 4. Nxd4 Nf6 5. Nc3 g6 6. f3 Bg7 7. Be3 O-O 8. Bc4
Nc6 9. Qd2 Bd7 10. O-O-O Rc8 11. Bb3 Ne5 12. Kb1 Nc4 13. Bxc4 Rxc4 14. g4 Re8
15. h4 Qa5 16. h5 Rxc3 17. Qxc3 Qxc3 18. bxc3 Rc8 19. Kb2 a6 20. hxg6 fxg6 21.
g5 Nh5 22. f4 Ng3 23. Rhe1 Nxe4 24. Bd2 d5 25. Re3 Bg4 26. Nf3 Bxf3 27. Rxf3
Nxd2 28. Rxd2 e6 29. Kb3 Rc6 30. a4 Kf7 31. Rh2 Kg8 1/2-1/2

[Event "4NCL/Div3/GUI5 vs. NOTT2"]
[Site "Hinckley Island ENG"]
[Date "2009.03.21"]
[Round "7.1"]
[White "Shaw, Matthew"]
[Black "Combie, Alexander"]
[Result "1-0"]
[WhiteElo "1925"]
[BlackElo "1950"]
[PlyCount "119"]
[EventDate "2009.03.21"]
[SourceDate "2008.10.04"]

1. e4 c5 2. Nf3 d6 3. d4 cxd4 4. Nxd4 Nf6 5. Nc3 a6 6. Bg5 e6 7. f4 Be7 8. Qf3
Qc7 9. O-O-O Nbd7 10. Bd3 h6 11. Bh4 g5 12. fxg5 Ne5 13. Qe2 Nfg4 14. h3 hxg5
15. Bg3 Nxd3+ 16. Qxd3 Ne5 17. Qe2 Bd7 18. Rhf1 O-O-O 19. Nf3 f6 20. Nxe5 dxe5
21. Qe3 Bc5 22. Qf3 Rdf8 23. Bf2 Bb4 24. Rd3 Bc6 25. Qe3 b5 26. Rfd1 Rd8 27. a3
Bxc3 28. Rxc3 Rxd1+ 29. Kxd1 Rd8+ 30. Kc1 Rd6 31. Qc5 Kd7 32. h4 gxh4 33. Bxh4
Qd8 34. Rg3 Kc7 35. Kb1 Qh8 36. Rh3 Qh6 37. Bf2 Qg7 38. Qa7+ Bb7 39. Rc3+ Kd8
40. Qb8+ Ke7 41. Rc7+ Rd7 42. Rxd7+ Kxd7 43. Qxb7+ Kd6 44. Qxg7 f5 45. exf5
exf5 46. Qf6+ Kd7 47. Qxf5+ Kd6 48. Bg3 Ke7 49. Qxe5+ Kf7 50. a4 bxa4 51. c4 a3
52. bxa3 a5 53. c5 a4 54. c6 Kg6 55. c7 Kh6 56. c8=Q Kh7 57. Qch8+ Kg6 58.
Qhf6+ Kh7 59. Qh5+ Kg8 60. Qhh8# 1-0

[Event "4NCL/Div3/GUI5 vs. NOTT2"]
[Site "Hinckley Island ENG"]
[Date "2009.03.21"]
[Round "7.2"]
[White "Place, William"]
[Black "Deswarte, Ian"]
[Result "0-1"]
[WhiteElo "1965"]
[BlackElo "1950"]
[PlyCount "40"]
[EventDate "2009.03.21"]
[SourceDate "2008.10.04"]

1. e4 c5 2. d4 cxd4 3. c3 e6 4. cxd4 d5 5. e5 Nc6 6. f4 Nge7 7. Nf3 Nf5 8. Bd3
Nfxd4 9. Nxd4 Nxd4 10. Be3 Nc6 11. a3 Be7 12. Nd2 O-O 13. Qh5 g6 14. Qg4 Kh8
15. Nf3 f6 16. Bxg6 Rg8 17. Nh4 f5 18. Qh5 Bxh4+ 19. g3 Rxg6 20. gxh4 Qe7 0-1

[Event "4NCL/Div3/GUI5 vs. NOTT2"]
[Site "Hinckley Island ENG"]
[Date "2009.03.21"]
[Round "7.3"]
[White "Waldock, Adrian"]
[Black "Taylor, Robert P"]
[Result "1-0"]
[WhiteElo "1925"]
[BlackElo "1956"]
[PlyCount "57"]
[EventDate "2009.03.21"]
[SourceDate "2008.10.04"]

1. e4 e5 2. Nf3 Nc6 3. d4 exd4 4. Nxd4 Nxd4 5. Qxd4 Qf6 6. e5 Qg6 7. c3 Ne7 8.
Nd2 Nc6 9. Qd5 Qe6 10. Qxe6+ dxe6 11. Nf3 Be7 12. Bf4 Bd7 13. O-O-O a6 14. Bd3
b5 15. Be4 b4 16. Rxd7 Kxd7 17. Rd1+ Kc8 18. Bxc6 Rb8 19. c4 Rb6 20. Ba4 Rd8
21. Rxd8+ Kxd8 22. Be3 Rb8 23. Nd4 Ra8 24. Nc6+ Ke8 25. Nxe7+ Kxe7 26. Bc5+ Kd8
27. Bc6 b3 28. axb3 Rc8 29. Kc2 1-0

[Event "4NCL/Div3/GUI5 vs. NOTT2"]
[Site "Hinckley Island ENG"]
[Date "2009.03.21"]
[Round "7.4"]
[White "Graham, Neil"]
[Black "Quinn, Joseph"]
[Result "0-1"]
[WhiteElo "1925"]
[BlackElo "1835"]
[PlyCount "60"]
[EventDate "2009.03.21"]
[SourceDate "2008.10.04"]

1. d4 Nf6 2. f3 e6 3. e4 d5 4. Be3 dxe4 5. Nd2 exf3 6. Ngxf3 Nc6 7. c3 h6 8.
Bc4 Bd6 9. O-O O-O 10. Bd3 e5 11. dxe5 Nxe5 12. Nxe5 Bxe5 13. Nc4 Ng4 14. Bf4
Bxf4 15. Rxf4 Qh4 16. h3 Qg3 17. Rxg4 Bxg4 18. Qxg4 Qxd3 19. Rd1 Qg6 20. Qf3
Qe6 21. b3 Rad8 22. Rf1 b5 23. Na3 Qd5 24. Qf2 Qg5 25. h4 Qd5 26. c4 bxc4 27.
Nxc4 Qd4 28. Qxd4 Rxd4 29. g3 Re8 30. Rf5 Re2 0-1

[Event "4NCL/Div3/GUI5 vs. NOTT2"]
[Site "Hinckley Island ENG"]
[Date "2009.03.21"]
[Round "7.5"]
[White "Lalic, Peter"]
[Black "Cranmer, Stan"]
[Result "1-0"]
[WhiteElo "1905"]
[BlackElo "1890"]
[PlyCount "57"]
[EventDate "2009.03.21"]
[SourceDate "2008.10.04"]

1. Nf3 Nf6 2. d4 e6 3. g3 c5 4. Bg2 Nc6 5. O-O d5 6. c4 cxd4 7. cxd5 Nxd5 8.
Nxd4 Bd7 9. Nc3 Nxc3 10. bxc3 Be7 11. Rb1 Nxd4 12. cxd4 Bc6 13. e4 b6 14. d5
exd5 15. exd5 Bb7 16. Re1 O-O 17. d6 Qxd6 18. Qxd6 Bxd6 19. Bxb7 Rab8 20. Bg2
Rbc8 21. a4 Rc2 22. Be3 Ra2 23. Ra1 Rc2 24. Rec1 Rb2 25. a5 Rb8 26. axb6 axb6
27. Ra8 Rxa8 28. Bxa8 Kf8 29. Rc6 1-0

[Event "4NCL/Div3/GUI5 vs. NOTT2"]
[Site "Hinckley Island ENG"]
[Date "2009.03.21"]
[Round "7.6"]
[White "Hill, Maurice J"]
[Black "Albrecht, Theo"]
[Result "1/2-1/2"]
[WhiteElo "1870"]
[BlackElo "1840"]
[PlyCount "49"]
[EventDate "2009.03.21"]
[SourceDate "2008.10.04"]

1. g3 d6 2. Bg2 e5 3. d3 c6 4. c4 Nf6 5. Nc3 Be7 6. Nf3 O-O 7. O-O h6 8. e4 Be6
9. h3 Qc8 10. Kh2 Nbd7 11. Qe2 Qd8 12. d4 exd4 13. Nxd4 Ne5 14. Nxe6 fxe6 15.
f4 Ned7 16. Be3 e5 17. Rad1 Qc7 18. f5 b6 19. g4 Nh7 20. Bf2 Ndf6 21. Rd3 Rad8
22. Kh1 Rd7 23. h4 Ne8 24. Rh3 Qd8 25. Bf3 1/2-1/2

[Event "4NCL/Div3/SCS vs. HAL"]
[Site "Hinckley Island ENG"]
[Date "2009.03.21"]
[Round "7.1"]
[White "Baptie, Justin P"]
[Black "Brockbank, Henry"]
[Result "1/2-1/2"]
[WhiteElo "2101"]
[BlackElo "2103"]
[PlyCount "54"]
[EventDate "2009.03.21"]
[SourceDate "2008.10.04"]

1. e4 d5 2. exd5 Nf6 3. Bb5+ Bd7 4. Be2 Nxd5 5. d4 Bf5 6. Nf3 e6 7. O-O Be7 8.
a3 O-O 9. c4 Nb6 10. Nc3 a5 11. Be3 N8d7 12. Qd2 a4 13. Rfd1 Nf6 14. Rac1 Ne4
15. Nxe4 Bxe4 16. Ne5 Bf6 17. Bf3 Bxf3 18. Nxf3 Ra6 19. Bf4 Qe7 20. Qb4 Qxb4
21. axb4 Rc8 22. Ne5 c6 23. g4 h6 24. Kg2 a3 25. bxa3 Rxa3 26. b5 cxb5 27. cxb5
Rac3 1/2-1/2

[Event "4NCL/Div3/SCS vs. HAL"]
[Site "Hinckley Island ENG"]
[Date "2009.03.21"]
[Round "7.2"]
[White "Pugh, Glyn D"]
[Black "Fonseca, Antonio"]
[Result "1-0"]
[WhiteElo "2045"]
[BlackElo "1875"]
[PlyCount "99"]
[EventDate "2009.03.21"]
[SourceDate "2008.10.04"]

1. e4 e5 2. Nf3 Nc6 3. d4 exd4 4. Nxd4 Nxd4 5. Qxd4 d6 6. Nc3 h6 7. Be3 Nf6 8.
O-O-O Be7 9. f3 O-O 10. g4 Nh7 11. Be2 Bf6 12. Qd2 Qe7 13. Nd5 Qe5 14. Nxf6+
Qxf6 15. h4 Qe6 16. Kb1 f6 17. Qc3 Qe7 18. Bc4+ Kh8 19. Rdg1 Be6 20. Bxe6 Qxe6
21. g5 fxg5 22. hxg5 Rxf3 23. gxh6 Qf7 24. Rxg7 Qf6 25. Qxf6 Nxf6 26. Bd4 c5
27. Bxf6 Rxf6 28. Rxb7 Re6 29. Rd7 a5 30. b3 a4 31. Kb2 axb3 32. axb3 c4 33. b4
Rxe4 34. Rxd6 Ra4 35. Rb6 Ra8 36. Rb7 Rc8 37. h7 Rg4 38. Rh3 Rg2 39. Re3 Rg4
40. b5 Rh4 41. Kc3 Rxh7 42. Rxh7+ Kxh7 43. Kb4 Kg7 44. Rf3 Kg6 45. b6 Re8 46.
Kxc4 Rc8+ 47. Kb4 Rc6 48. Kb5 Rxc2 49. Rb3 Rc8 50. b7 1-0

[Event "4NCL/Div3/SCS vs. HAL"]
[Site "Hinckley Island ENG"]
[Date "2009.03.21"]
[Round "7.3"]
[White "Bogoda, Sagara T"]
[Black "Lee, Darren"]
[Result "0-1"]
[WhiteElo "1870"]
[BlackElo "1950"]
[PlyCount "68"]
[EventDate "2009.03.21"]
[SourceDate "2008.10.04"]

1. d4 Nf6 2. Bg5 e6 3. e3 h6 4. Bxf6 Qxf6 5. g3 g6 6. Bg2 Bg7 7. Ne2 d6 8. Nd2
Nd7 9. c3 O-O 10. Qc2 Qe7 11. O-O-O d5 12. h4 Nf6 13. f3 h5 14. Bh3 e5 15. Bxc8
Rfxc8 16. Rde1 c5 17. g4 exd4 18. exd4 Qc7 19. g5 Ne8 20. Nb3 cxd4 21. Nbxd4
Nd6 22. Kb1 b5 23. Qd3 Qb7 24. Rhf1 b4 25. cxb4 Qxb4 26. Qb3 Qa5 27. Rc1 Nc4
28. Rxc4 dxc4 29. Qc3 Qc5 30. Rc1 Rab8 31. Ka1 Rb7 32. Rc2 Rd7 33. Nb3 Rd1+ 34.
Nec1 Qf5 0-1